000 00590nam a2200241Ia 4500
003 OSt
005 20221005131147.0
006 a|||||r|||| 00| 0
007 ta
008 221004b |||||||| |||| 00| 0 fre d
024 _a53304
037 _cTextual
040 _aCRL
_cCRL
_bfre
041 _2fre
_afre
082 _aO122,3M40,15, 32J6
100 _aZola Emile
245 0 _aShame
260 _c1956
300 _a385p.
_ccm.
650 _aFRENCH LITERATURE
_913614
942 _hO122,3M40,15, 32J6
_cTEXL
_2cc
999 _c1059506
_d1059506